[Event "Cracovia 2008 op A"]
[Site "Krakow"]
[Date "2008.12.31"]
[Round "6.18"]
[White "Marszalek, Maciej"]
[Black "Roubalik, Jakub"]
[Result "1/2-1/2"]
[WhiteElo "2383"]
[BlackElo "2216"]
[PlyCount "59"]
[EventDate "2008.??.??"]

1. d4 d5 2. c4 c6 3. Nf3 Nf6 4. Nc3 dxc4 5. a4 Bf5 6. e3 e6 7. Bxc4 Bb4 8. O-O
O-O 9. Qe2 Bg6 10. Rd1 Nbd7 11. Ne5 Qe7 12. Nxg6 hxg6 13. e4 e5 14. d5 Bc5 15.
Bg5 Bd4 16. Rac1 Rfe8 17. Kh1 Nc5 18. f3 Bxc3 19. bxc3 Nxa4 20. dxc6 bxc6 21.
Be3 Nb6 22. Bb3 Red8 23. Qa2 c5 24. Qa3 Rxd1+ 25. Rxd1 Rc8 26. Qa6 Rc7 27. Qb5
Qe8 28. Qa5 Qe7 29. Qb5 Qe8 30. Qa5 1/2-1/2

[Event "Cracovia 2008 op A"]
[Site "Krakow"]
[Date "2008.12.31"]
[Round "6.19"]
[White "Brzeski, Maciej"]
[Black "Obrusnik, Michal"]
[Result "1-0"]
[WhiteElo "2366"]
[BlackElo "2181"]
[PlyCount "69"]
[EventDate "2008.??.??"]

1. e4 c5 2. Nf3 Nc6 3. d4 cxd4 4. Nxd4 Nf6 5. Nc3 e5 6. Ndb5 d6 7. Bg5 a6 8.
Na3 b5 9. Nd5 Be7 10. Bxf6 Bxf6 11. c4 Bg5 12. cxb5 Qa5+ 13. Nc3 Nd4 14. Nc2
O-O 15. Bd3 Nxb5 16. Bxb5 axb5 17. O-O Qb6 18. Nb4 Be6 19. Nbd5 Qb7 20. Qb3
Rab8 21. Qb4 Qd7 22. Rad1 Rfc8 23. a3 Rc4 24. Qb3 Rc5 25. a4 b4 26. Nb5 f5 27.
exf5 Bf7 28. Qf3 Rc4 29. b3 Rc2 30. Nxb4 Rb2 31. Rxd6 Qe8 32. Nd5 Rc8 33. f6
gxf6 34. Nxf6+ Bxf6 35. Rxf6 1-0

[Event "Cracovia 2008 op A"]
[Site "Krakow"]
[Date "2008.12.31"]
[Round "6.20"]
[White "Ashton, Adam G"]
[Black "Zysko, Jan"]
[Result "0-1"]
[WhiteElo "2325"]
[BlackElo "2185"]
[PlyCount "124"]
[EventDate "2008.??.??"]

1. e4 c5 2. Nf3 d6 3. d4 cxd4 4. Nxd4 Nf6 5. Nc3 e6 6. g4 h6 7. h3 Nc6 8. Be3
a6 9. Bg2 Ne5 10. Qe2 g5 11. O-O-O b5 12. f4 gxf4 13. Bxf4 Nfd7 14. Nf3 Qa5 15.
Bxe5 dxe5 16. Nd2 Bb7 17. Rhf1 Rh7 18. Kb1 b4 19. Nc4 Qc7 20. Rxd7 Qxd7 21. Rd1
Qc7 22. Na4 Be7 23. b3 Rd8 24. Rxd8+ Bxd8 25. Nab2 a5 26. Qf2 Ba6 27. Bf1 Be7
28. Nd2 Bxf1 29. Qxf1 h5 30. gxh5 Rxh5 31. Ndc4 Qc5 32. Nd3 Qd4 33. Nd2 Qe3 34.
Nc4 Qd4 35. Nd2 Qe3 36. Nc4 Qxe4 37. Nxa5 Rf5 38. Qg1 Qd4 39. Qg2 Kf8 40. Nc6
Qd5 41. Qxd5 exd5 42. Ndxb4 e4 43. Kc1 Bxb4 44. Nxb4 Ke7 45. Nc6+ Kd6 46. Nd4
Ke5 47. Nxf5 Kxf5 48. a4 Kf4 49. a5 Kg3 50. a6 e3 51. a7 e2 52. a8=Q e1=Q+ 53.
Kb2 Qe5+ 54. c3 f5 55. b4 f4 56. Qg8+ Kh2 57. Qg4 d4 58. cxd4 Qxd4+ 59. Kc2
Qe4+ 60. Kd1 Qd3+ 61. Ke1 Qe3+ 62. Kd1 Qg1+ 0-1

[Event "Cracovia 2008 op A"]
[Site "Krakow"]
[Date "2008.12.31"]
[Round "6.21"]
[White "Majdan, Joanna"]
[Black "Mrva, Vladimir"]
[Result "1-0"]
[WhiteElo "2284"]
[BlackElo "2149"]
[PlyCount "77"]
[EventDate "2008.??.??"]

1. e4 e5 2. Nf3 Nc6 3. Bb5 a6 4. Ba4 Nf6 5. O-O Be7 6. Re1 b5 7. Bb3 O-O 8. c3
d6 9. d4 Bg4 10. Be3 exd4 11. cxd4 Na5 12. Bc2 c5 13. dxc5 dxc5 14. Nc3 Nc4 15.
e5 Nd7 16. Bf4 g6 17. b3 Na3 18. Be4 Ra7 19. Nd5 b4 20. e6 Bxe6 21. Nxe7+ Qxe7
22. Bd6 Qd8 23. Bxf8 Qxf8 24. Ng5 Nb5 25. Bd5 Bxd5 26. Qxd5 Nd4 27. Rac1 Rc7
28. Ne4 Ne6 29. Rcd1 Kg7 30. h4 h5 31. Re3 a5 32. Ng5 Nd4 33. Rxd4 cxd4 34. Rf3
Rc1+ 35. Kh2 Nf6 36. Rxf6 Qb8+ 37. g3 Kxf6 38. Qxf7+ Ke5 39. Qe6# 1-0

[Event "Cracovia 2008 op A"]
[Site "Krakow"]
[Date "2008.12.31"]
[Round "6.22"]
[White "Krzyzanowski, Marcin"]
[Black "Barski, Radoslaw"]
[Result "1-0"]
[WhiteElo "2280"]
[BlackElo "2143"]
[PlyCount "129"]
[EventDate "2008.??.??"]

1. e4 e5 2. Nf3 Nc6 3. Bb5 a6 4. Ba4 Nf6 5. O-O Be7 6. Re1 b5 7. Bb3 d6 8. c3
O-O 9. h3 Bb7 10. d4 Re8 11. Nbd2 Bf8 12. d5 Nb8 13. Nf1 Nbd7 14. N3h2 Nc5 15.
Bc2 c6 16. dxc6 Bxc6 17. Bg5 h6 18. Bxf6 Qxf6 19. Ng4 Qd8 20. b4 Nd7 21. Bb3
Nb6 22. Qf3 Qc7 23. Nge3 Qb7 24. Ng3 Rac8 25. h4 Red8 26. Red1 Be8 27. Rac1 Nc4
28. Qe2 Nxe3 29. Qxe3 Bc6 30. Qf3 Rc7 31. Rd3 a5 32. a3 axb4 33. axb4 Ra8 34.
Bd5 Bxd5 35. Rxd5 Ra3 36. Nf5 Qb6 37. Qg3 Kh7 38. h5 Rc4 39. Rxd6 Qb7 40. Rd8
Qxe4 41. Ne3 Be7 42. Nxc4 bxc4 43. Re8 Bg5 44. Rxe5 Qf4 45. Qxf4 Bxf4 46. Re3
Bxe3 47. fxe3 g6 48. Kf2 gxh5 49. Kf3 Kg6 50. Ke4 Ra2 51. Rb1 Rxg2 52. b5 Rd2
53. b6 Rd8 54. b7 Rb8 55. Kd5 h4 56. Kxc4 h3 57. Kc5 Kg5 58. Kb6 Kg4 59. c4 h2
60. c5 Kh3 61. c6 Rg8 62. c7 Rg1 63. c8=Q+ Kh4 64. Qd8+ Kh5 65. Qd1+ 1-0

[Event "Cracovia 2008 op A"]
[Site "Krakow"]
[Date "2008.12.31"]
[Round "6.23"]
[White "Wiewiora, Eneasz"]
[Black "Soozankar, A.M."]
[Result "1-0"]
[WhiteElo "2044"]
[BlackElo "2264"]
[PlyCount "65"]
[EventDate "2008.??.??"]

1. e4 e6 2. d4 d5 3. Nc3 Bb4 4. e5 c5 5. a3 Bxc3+ 6. bxc3 Ne7 7. Qg4 Qc7 8. Bd3
cxd4 9. Ne2 dxc3 10. Qxg7 Rg8 11. Qxh7 Qxe5 12. Bf4 Qf6 13. h4 Nbc6 14. Bg5 Qe5
15. Bf4 Qh8 16. Qxh8 Rxh8 17. Nxc3 f6 18. O-O-O e5 19. Bd2 Kf7 20. f3 Be6 21.
g4 Nd4 22. Rdf1 f5 23. Ne2 Nec6 24. Nxd4 Nxd4 25. Bc3 Nc6 26. gxf5 Bd7 27. f4
Rae8 28. fxe5 Nxe5 29. h5 Rh6 30. Rfg1 Nxd3+ 31. cxd3 Bxf5 32. Rg7+ Kf8 33. Rg5
1-0

[Event "Cracovia 2008 op A"]
[Site "Krakow"]
[Date "2008.12.31"]
[Round "6.24"]
[White "Duda, Jan-Krzysztof"]
[Black "Kocwin, Bartosz"]
[Result "1/2-1/2"]
[WhiteElo "2013"]
[BlackElo "2260"]
[PlyCount "77"]
[EventDate "2008.??.??"]

1. e4 c5 2. Nf3 d6 3. d4 cxd4 4. Nxd4 Nf6 5. Nc3 a6 6. Bg5 e6 7. f4 Qb6 8. Nb3
h6 9. Bxf6 gxf6 10. Qe2 Nc6 11. O-O-O Bd7 12. Kb1 h5 13. h4 O-O-O 14. g3 Kb8
15. Bg2 Rg8 16. Rh3 Be7 17. Qxh5 Rg7 18. Qf3 Rc8 19. g4 Nb4 20. Nd2 d5 21. Nb3
e5 22. f5 d4 23. a3 Nxc2 24. Nd5 Qd6 25. Rc1 Ne3 26. Rxc8+ Bxc8 27. Nxe3 dxe3
28. Qe2 Qb6 29. Rxe3 Rxg4 30. Qxg4 Qxe3 31. Qh3 Qg1+ 32. Ka2 Bd7 33. h5 Bf8 34.
h6 Bxh6 35. Qxh6 Qxg2 36. Qf8+ Ka7 37. Qc5+ Ka8 38. Qf8+ Ka7 39. Qc5+ 1/2-1/2

[Event "Cracovia 2008 op A"]
[Site "Krakow"]
[Date "2008.12.31"]
[Round "6.25"]
[White "Lubczynski, Rafal"]
[Black "Pazderski, Ziemowit"]
[Result "1-0"]
[WhiteElo "2423"]
[BlackElo "2209"]
[PlyCount "57"]
[EventDate "2008.??.??"]

1. Nf3 Nf6 2. c4 e6 3. g3 c5 4. Bg2 Nc6 5. O-O Be7 6. d4 cxd4 7. Nxd4 a6 8. Nc3
O-O 9. Nc2 Qc7 10. Bf4 d6 11. Rc1 b6 12. Nd4 Bb7 13. Nd5 exd5 14. cxd5 Rfe8 15.
Nxc6 Bxc6 16. Rxc6 Qb8 17. Bh3 Bf8 18. f3 Ra7 19. e4 Nd7 20. Qd4 Nc5 21. b4 Na4
22. Rfc1 Ra8 23. Rc7 b5 24. R1c6 Rd8 25. Bg5 Re8 26. Bd7 Re5 27. Bf4 f6 28.
Be6+ Rxe6 29. dxe6 1-0

[Event "Cracovia 2008 op A"]
[Site "Krakow"]
[Date "2008.12.31"]
[Round "6.26"]
[White "Zude, Erik"]
[Black "Sadzikowski, Daniel"]
[Result "1/2-1/2"]
[WhiteElo "2396"]
[BlackElo "2178"]
[PlyCount "135"]
[EventDate "2008.??.??"]

1. d4 Nf6 2. c4 e6 3. Nc3 Bb4 4. e3 O-O 5. Bd3 c5 6. Nf3 d5 7. O-O cxd4 8. exd4
dxc4 9. Bxc4 Nbd7 10. Bg5 Nb6 11. Bb3 Be7 12. Re1 Nbd5 13. Ne5 h6 14. Bh4 Nxc3
15. bxc3 Nd5 16. Bxe7 Nxe7 17. Qf3 Qc7 18. Rad1 Nc6 19. Rd3 Nxe5 20. Rxe5 a5
21. a4 Ra7 22. Qg4 Kh8 23. Rh3 f5 24. Qg6 Ra6 25. Bxe6 Bxe6 26. Rxe6 Qd7 27.
Rxa6 bxa6 28. Re3 f4 29. Qe6 Rb8 30. Kf1 Qxa4 31. Re1 Qc2 32. h4 a4 33. Qe2
Qxc3 34. d5 a3 35. h5 Qb2 36. d6 Qxe2+ 37. Kxe2 Re8+ 38. Kd2 Rd8 39. Ra1 Rxd6+
40. Ke2 f3+ 41. gxf3 Rd5 42. Rxa3 a5 43. Rb3 Rxh5 44. Rb8+ Kh7 45. f4 Rc5 46.
Ra8 Rc2+ 47. Kf3 Rc5 48. Ra6 h5 49. Kg3 g6 50. Ra7+ Kh6 51. f3 Rf5 52. Rb7 h4+
53. Kxh4 Rxf4+ 54. Kg3 Ra4 55. f4 Ra1 56. Ra7 a4 57. Ra5 a3 58. Ra7 Rg1+ 59.
Kf2 Ra1 60. Kg3 a2 61. Kg2 Kh5 62. Ra6 Kh4 63. Kh2 Rf1 64. Rxa2 Rxf4 65. Kg1
Rf3 66. Ra1 Rg3+ 67. Kh1 g5 68. Rb1 1/2-1/2

[Event "Cracovia 2008 op A"]
[Site "Krakow"]
[Date "2008.12.31"]
[Round "6.27"]
[White "Brokken, Dennis"]
[Black "Kielczewski, Krzysztof"]
[Result "0-1"]
[WhiteElo "2306"]
[BlackElo "2185"]
[PlyCount "133"]
[EventDate "2008.??.??"]

1. d4 d6 2. Nf3 g6 3. c4 Bg7 4. Nc3 e5 5. dxe5 dxe5 6. Qxd8+ Kxd8 7. Bg5+ f6 8.
O-O-O+ Ke8 9. Be3 c6 10. Ne4 Bf8 11. Nd6+ Bxd6 12. Rxd6 Nd7 13. g3 Ke7 14. c5
Nf8 15. Bg2 Be6 16. Kb1 h5 17. Bd2 Nh6 18. e4 Ng4 19. Be1 Nd7 20. h3 Nh6 21.
Bb4 a5 22. Ba3 g5 23. Rhd1 Nf7 24. R6d2 h4 25. Ne1 g4 26. hxg4 h3 27. Bh1 Bxg4
28. f3 Be6 29. Nc2 Rag8 30. g4 Rd8 31. Ne3 Nb8 32. Nd5+ Bxd5 33. exd5 Rxd5 34.
Rxd5 cxd5 35. c6+ Ke6 36. cxb7 Nd8 37. f4 e4 38. f5+ Ke5 39. b3 Kf4 40. Bd6+
Kxg4 41. Bxb8 Nxb7 42. Bc7 Rc8 43. Bb6 Rc6 44. Be3 Rd6 45. Rf1 Rc6 46. a3 Rc3
47. Bd4 Rxb3+ 48. Kc2 Rd3 49. Bxf6 Nd6 50. Be5 Nxf5 51. Rg1+ Ng3 52. a4 Kh4 53.
Bc7 Nxh1 54. Rxh1 Ra3 55. Bxa5 Rxa4 56. Be1+ Kg4 57. Rg1+ Kf3 58. Rg3+ Ke2 59.
Bc3 d4 60. Rxh3 Rc4 61. Rh2+ Kf3 62. Rh3+ Kg4 63. Rh6 Rxc3+ 64. Kd2 e3+ 65. Kd1
d3 66. Rg6+ Kf4 67. Rg8 0-1

[Event "Cracovia 2008 op A"]
[Site "Krakow"]
[Date "2008.12.31"]
[Round "6.28"]
[White "Muter, Donny"]
[Black "Tokarski, Lukasz"]
[Result "0-1"]
[WhiteElo "2190"]
[BlackElo "2302"]
[PlyCount "84"]
[EventDate "2008.??.??"]

1. d4 Nf6 2. c4 c5 3. d5 b5 4. f3 bxc4 5. e4 d6 6. Bxc4 g6 7. Ne2 Bg7 8. O-O
O-O 9. Nec3 Nbd7 10. a4 Nb6 11. Bb5 Bd7 12. a5 Bxb5 13. Nxb5 a6 14. N5a3 Nbd7
15. Nc4 Ne8 16. Bd2 Bd4+ 17. Kh1 Nc7 18. Nba3 Nb5 19. Bh6 Bg7 20. Bxg7 Kxg7 21.
Nc2 Qc7 22. f4 Rae8 23. Qd3 f6 24. Rac1 Rc8 25. Qg3 Rb8 26. h4 Rfc8 27. h5 Nd4
28. N2e3 Rg8 29. Nf5+ Nxf5 30. exf5 Kf7 31. Rfe1 g5 32. Re4 gxf4 33. Qxf4 Ne5
34. Rxe5 dxe5 35. Qh6 Qd7 36. d6 Qxf5 37. Ne3 Qg5 38. Qxh7+ Rg7 39. Qd3 exd6
40. Qc4+ Ke7 41. Qxa6 Qxh5+ 42. Kg1 Rxg2+ 0-1

[Event "Cracovia 2008 op A"]
[Site "Krakow"]
[Date "2008.12.31"]
[Round "6.29"]
[White "Andersen, Lars Even"]
[Black "Skawinski, Arkadiusz"]
[Result "1-0"]
[WhiteElo "2262"]
[BlackElo "2154"]
[PlyCount "59"]
[EventDate "2008.??.??"]

1. c4 c6 2. e4 d5 3. cxd5 cxd5 4. exd5 Nf6 5. Nc3 Nxd5 6. Bc4 Nxc3 7. Qf3 e6 8.
dxc3 Qc7 9. Bb3 Bd6 10. Ne2 Nd7 11. Nd4 a6 12. Qh3 O-O 13. Bc2 f5 14. O-O Nc5
15. f3 a5 16. Be3 Bd7 17. Rac1 Bf4 18. Rce1 Bxe3+ 19. Rxe3 Rf6 20. f4 Rh6 21.
Qf3 g5 22. Re5 Kh8 23. Qe3 b6 24. fxg5 Rg6 25. h4 h6 26. Rf3 hxg5 27. hxg5 Qd8
28. Rh3+ Kg7 29. b4 axb4 30. cxb4 1-0

[Event "Cracovia 2008 op A"]
[Site "Krakow"]
[Date "2008.12.31"]
[Round "6.30"]
[White "Kuciel, Wladyslaw"]
[Black "Ponizil, Cyril"]
[Result "0-1"]
[WhiteElo "2142"]
[BlackElo "2251"]
[PlyCount "50"]
[EventDate "2008.??.??"]

1. Nf3 c5 2. c4 b6 3. d4 cxd4 4. Nxd4 Bb7 5. Nc3 Nf6 6. f3 d6 7. e4 e6 8. Be3
a6 9. Be2 Nbd7 10. O-O Qc7 11. Rc1 Be7 12. b4 O-O 13. a3 Rac8 14. Kh1 Qb8 15.
Qb3 Rfe8 16. g4 h6 17. h4 d5 18. cxd5 exd5 19. Nxd5 Nxd5 20. Rxc8 Qxc8 21. exd5
Nf6 22. Rc1 Qd7 23. Nf5 Nxg4 24. Nxg7 Bxd5 25. Rd1 Qc7 0-1

[Event "Cracovia 2008 op A"]
[Site "Krakow"]
[Date "2008.12.31"]
[Round "6.31"]
[White "Cechura, Petr"]
[Black "Kopczyk, Daniel"]
[Result "0-1"]
[WhiteElo "2249"]
[BlackElo "2153"]
[PlyCount "114"]
[EventDate "2008.??.??"]

1. e4 c5 2. Nf3 d6 3. d4 Nf6 4. Nc3 cxd4 5. Nxd4 a6 6. f3 e5 7. Nb3 Be6 8. Be3
Nbd7 9. g4 h6 10. Qd2 Be7 11. O-O-O Rc8 12. h4 b5 13. Kb1 Nb6 14. Qf2 Rb8 15.
Nc5 Bc8 16. Rg1 Qc7 17. Nb3 Na4 18. Nd5 Nxd5 19. exd5 Nb6 20. f4 Nc4 21. fxe5
Nxe5 22. Be2 Qd8 23. g5 g6 24. Ba7 Rb7 25. Bd4 h5 26. Nc5 O-O 27. Nxb7 Bxb7 28.
Bxe5 dxe5 29. Bf3 Qd6 30. Qe2 Re8 31. Be4 Bf8 32. Rgf1 Bg7 33. Rf3 Bc8 34. Re3
Bg4 35. Bf3 Bf5 36. Rf1 e4 37. Bg2 Bd4 38. Rxe4 Bxe4 39. Bxe4 Qb4 40. c3 Bxc3
41. Qc2 Bxb2 42. Qxb2 Qxe4+ 43. Ka1 Qxd5 44. Qf2 Re4 45. Rc1 Qd4+ 46. Qb2 Qxb2+
47. Kxb2 Rxh4 48. Rc6 Rg4 49. Rxa6 Rxg5 50. Ra5 h4 51. a4 Rg2+ 52. Kc3 bxa4 53.
Rxa4 g5 54. Kd3 h3 55. Ra1 h2 56. Rh1 g4 57. Ke3 Kg7 0-1

[Event "Cracovia 2008 op A"]
[Site "Krakow"]
[Date "2008.12.31"]
[Round "6.32"]
[White "Nasuta, Grzegorz"]
[Black "Galazewski, Tomasz"]
[Result "1/2-1/2"]
[WhiteElo "2081"]
[BlackElo "2245"]
[PlyCount "136"]
[EventDate "2008.??.??"]

1. e4 c5 2. Nf3 d6 3. d4 cxd4 4. Nxd4 Nf6 5. Nc3 Nc6 6. Be2 e5 7. Nb3 Be7 8.
O-O O-O 9. Be3 Be6 10. Bf3 a5 11. Nd5 Bxd5 12. exd5 Nb4 13. a3 Na6 14. c4 a4
15. Nd2 Qd7 16. Be2 Nc7 17. Bb6 Rfc8 18. f4 Ra6 19. c5 Ncxd5 20. Bxa6 bxa6 21.
Ne4 dxc5 (21... dxc5) 22. Nxf6+ Bxf6 23. Ba5 exf4 24. Bc3 Bg5 25. Re1 Qc6 26.
Qf3 Ne3 27. Qxc6 Rxc6 28. Rad1 h5 29. Rd7 Rg6 30. Kf2 Bh4+ 31. g3 Ng4+ 32. Kg2
f3+ 33. Kxf3 Nxh2+ 34. Kg2 Bxg3 35. Re8+ Kh7 36. Rxf7 Bd6+ 37. Kh1 Ng4 38. Rf5
h4 39. Rh5+ Rh6 40. Rxh6+ Nxh6 41. Re6 Nf5 42. Be5 Be7 43. Rxa6 g5 44. Rxa4 Kg6
45. Re4 Kf7 46. Kg2 Ke6 47. Bc3+ Kd7 48. Re5 Nh6 49. a4 Nf7 50. Re1 g4 51. a5
Bd6 52. Bf6 h3+ 53. Kg1 g3 54. Re4 c4 55. Rxc4 Bb8 56. Rg4 Ke6 57. Bd4 Kf5 58.
Rg8 Ng5 59. Rxg5+ Kxg5 60. a6 Kf5 61. a7 Bxa7 62. Bxa7 Ke6 63. Bb8 g2 64. Kh2
Kd5 65. Ba7 Kc4 66. Kg1 Kb4 67. Bd4 Kc4 68. Be5 Kb4 1/2-1/2

[Event "Cracovia 2008 op A"]
[Site "Krakow"]
[Date "2008.12.31"]
[Round "6.33"]
[White "Drozdowski, Kacper"]
[Black "Duhayon, Yves"]
[Result "1-0"]
[WhiteElo "2039"]
[BlackElo "2237"]
[PlyCount "121"]
[EventDate "2008.??.??"]

1. e4 e5 2. Nf3 Nc6 3. d4 exd4 4. Nxd4 Bc5 5. Be3 Qf6 6. c3 Nge7 7. g3 h5 8. f4
d5 9. e5 Qg6 10. Bd3 Qg4 11. Nd2 Bxd4 12. Bxd4 Bf5 13. Be2 Qg6 14. Nf3 Be4 15.
Qd2 Nf5 16. Rg1 O-O-O 17. O-O-O f6 18. Rdf1 Ncxd4 19. Nxd4 Rhe8 20. g4 hxg4 21.
Bxg4 Qh7 22. Bxf5+ Bxf5 23. Nxf5 Qxf5 24. Qc2 Qd7 25. Qg6 fxe5 26. Qxg7 exf4
27. Qxd7+ Kxd7 28. Rxf4 Re7 29. Rg2 Rde8 30. h4 Re2 31. Rf7+ Kd6 32. Rg6+ R8e6
33. Rxe6+ Rxe6 34. Rf1 Rh6 35. Rh1 Ke5 36. Kd2 c5 37. Ke3 b5 38. a3 a5 39. b4
d4+ 40. cxd4+ cxd4+ 41. Kd3 axb4 42. axb4 Rh5 43. Re1+ Kf4 44. Kxd4 Kf3 45.
Re3+ Kf4 46. Re4+ Kf3 47. Re5 Rxh4+ 48. Kc5 Kf4 49. Rd5 Rh8 50. Kxb5 Ke4 51.
Rd7 Ke5 52. Kc6 Ke6 53. Rd1 Rc8+ 54. Kb7 Rc2 55. b5 Rb2 56. b6 Rb3 57. Kc7 Rc3+
58. Kb8 Rc2 59. Ra1 Kd6 60. b7 Rb2 61. Ka7 1-0

[Event "Cracovia 2008 op A"]
[Site "Krakow"]
[Date "2008.12.31"]
[Round "6.34"]
[White "Rudnicki, Milosz"]
[Black "Muc, Marcin"]
[Result "1/2-1/2"]
[WhiteElo "2232"]
[BlackElo "2139"]
[PlyCount "83"]
[EventDate "2008.??.??"]

1. e4 e5 2. Nf3 Nc6 3. Bb5 a6 4. Ba4 Nf6 5. O-O Be7 6. Re1 d6 7. c3 b5 8. Bb3
Nb8 9. d4 exd4 10. cxd4 O-O 11. e5 dxe5 12. dxe5 Qxd1 13. Rxd1 Nfd7 14. Nc3 Nc5
15. Nd5 Bd8 16. Bc2 Bb7 17. Bg5 Nc6 18. Rac1 Ne6 19. Bxd8 Rfxd8 20. Be4 Kf8 21.
Nc3 Rxd1+ 22. Rxd1 Rd8 23. Kf1 Rxd1+ 24. Nxd1 Na5 25. Bxb7 Nxb7 26. Nc3 Nbc5
27. a3 Nd3 28. b4 c5 29. bxc5 Nexc5 30. Ke2 Nb2 31. Nd2 Ncd3 32. Nb3 Nxe5 33.
Nc5 Nbc4 34. Nxa6 Nxa3 35. f3 Nc6 36. Kd3 Ke7 37. Ne4 Nc4 38. Nc3 Nd6 39. Nc7
b4 40. N3d5+ Kd7 41. Na6 Ke6 42. Ndxb4 1/2-1/2

[Event "Cracovia 2008 op A"]
[Site "Krakow"]
[Date "2008.12.31"]
[Round "6.35"]
[White "Pietruszewski, Marcin"]
[Black "Kulon, Klaudia"]
[Result "0-1"]
[WhiteElo "2027"]
[BlackElo "2228"]
[PlyCount "144"]
[EventDate "2008.??.??"]

1. e4 c5 2. Nf3 d6 3. d4 cxd4 4. Nxd4 Nf6 5. Nc3 g6 6. Bc4 Bg7 7. Bb3 Nc6 8.
O-O O-O 9. Re1 Bd7 10. Bg5 h6 11. Bh4 a6 12. Nxc6 bxc6 13. e5 dxe5 14. Rxe5 g5
15. Bg3 e6 16. Re3 Nd5 17. Rd3 f5 18. Bd6 Rf7 19. Na4 Be8 20. Bc5 Qf6 21. c4
Nf4 22. Rd2 Bf8 23. Qe1 e5 24. Rad1 e4 25. Bxf8 Rxf8 26. Rd6 Qg7 27. c5+ Kh8
28. Bc4 Ng6 29. Qc3 Qxc3 30. Nxc3 Kg7 31. Bf1 a5 32. Ne2 Ne5 33. Nd4 Rf6 34.
Ne6+ Kf7 35. Nd8+ Ke7 36. Rxf6 Kxf6 37. Rd6+ Kg7 38. Ne6+ Kh7 39. Nc7 Rc8 40.
Re6 Bf7 41. Rxe5 Rxc7 42. Rxf5 Bxa2 43. f3 exf3 44. Rxf3 Rb7 45. Rf2 Bd5 46.
Ba6 Re7 47. Kf1 Kg7 48. g3 a4 49. Bd3 Ra7 50. Ke2 Ra5 51. Ke3 Rxc5 52. Kd4 Rc1
53. Bc2 Bb3 54. Be4 c5+ 55. Kd3 Re1 56. Bc6 Rd1+ 57. Kc3 Rc1+ 58. Kd3 c4+ 59.
Kd4 c3 60. Be4 Bf7 61. Ke3 cxb2 62. Rxb2 a3 63. Rb1 Rxb1 64. Bxb1 a2 65. Bxa2
Bxa2 66. Kf3 Kg6 67. h3 Kf5 68. Kg2 Ke4 69. Kf2 Bc4 70. g4 Kf4 71. Kg2 Bd5+ 72.
Kh2 Kf3 0-1

[Event "Cracovia 2008 op A"]
[Site "Krakow"]
[Date "2008.12.31"]
[Round "6.36"]
[White "Veltkamp, Gerben"]
[Black "Hermanowicz, Dominika"]
[Result "1/2-1/2"]
[WhiteElo "2221"]
[BlackElo "2084"]
[PlyCount "65"]
[EventDate "2008.??.??"]

1. d4 d5 2. c4 e6 3. Nc3 c5 4. cxd5 exd5 5. Nf3 Nc6 6. g3 Nf6 7. Bg2 Be7 8. O-O
O-O 9. b3 Bg4 10. Ne5 cxd4 11. Nxc6 bxc6 12. Qxd4 Qb6 13. Qd3 Rfe8 14. Be3 Qa5
15. a3 Nd7 16. b4 Qd8 17. Bd4 Bf6 18. b5 Ne5 19. Bxe5 Bxe5 20. bxc6 Bxc3 21.
Qxc3 Bxe2 22. Rfe1 Rc8 23. Qc5 Bc4 24. Red1 Qb6 25. Qxb6 axb6 26. Bxd5 Bxd5 27.
Rxd5 Rxc6 28. Kg2 Ra8 29. a4 g6 30. h4 Rc4 31. a5 bxa5 32. Rdxa5 Rxa5 33. Rxa5
1/2-1/2

[Event "Cracovia 2008 op A"]
[Site "Krakow"]
[Date "2008.12.31"]
[Round "6.37"]
[White "Wcislo, Damian"]
[Black "Czarnecki, Wojciech"]
[Result "1-0"]
[WhiteElo "2219"]
[BlackElo "2132"]
[PlyCount "110"]
[EventDate "2008.??.??"]

1. d4 d5 2. c4 c6 3. Nf3 Nf6 4. Nc3 g6 5. Bf4 Bg7 6. e3 O-O 7. Rc1 Nbd7 8. cxd5
Nxd5 9. Nxd5 cxd5 10. Bc7 Qe8 11. Qb3 Nb6 12. Bd3 Qa4 13. Qxa4 Nxa4 14. b3 Nb6
15. a4 Nd7 16. O-O Nb8 17. b4 Na6 18. b5 Nxc7 19. Rxc7 Bf6 20. e4 dxe4 21. Bxe4
Rb8 22. Rfc1 Rd8 23. h3 h5 24. Kf1 Kg7 25. Ke2 g5 26. R1c4 g4 27. hxg4 hxg4 28.
Nd2 Be6 29. d5 Bc8 30. d6 exd6 31. Bd5 Re8+ 32. Re4 Rf8 33. Nc4 Bd8 34. Rxc8
Rxc8 35. Rxg4+ Kh7 36. Nxd6 Rc2+ 37. Kd3 Rxf2 38. Nxb7 f5 39. Rc4 Bf6 40. Rc7+
Kg6 41. a5 Rf4 42. Rc4 Rf1 43. Rc6 Rh8 44. Bf3 Rb1 45. b6 axb6 46. Rxb6 Rxb6
47. axb6 Be5 48. Nc5 Kg5 49. Kc4 Rh6 50. b7 Rh8 51. Kd5 Bh2 52. Ke6 Rh6+ 53.
Kd7 Rh7+ 54. Kc6 Rh6+ 55. Kb5 Rd6 1-0

[Event "Cracovia 2008 op A"]
[Site "Krakow"]
[Date "2008.12.31"]
[Round "6.38"]
[White "Picard, Romain"]
[Black "Sowul, Bartosz"]
[Result "1/2-1/2"]
[WhiteElo "2371"]
[BlackElo "2000"]
[PlyCount "127"]
[EventDate "2008.??.??"]

1. e4 c5 2. Nf3 d6 3. Bb5+ Bd7 4. Bxd7+ Qxd7 5. O-O Nc6 6. c3 Nf6 7. d4 cxd4 8.
cxd4 d5 9. e5 Ne4 10. Ne1 h6 11. Be3 e6 12. Qg4 f5 13. exf6 Nxf6 14. Qh3 Bd6
15. Nd3 O-O 16. Nc3 Rae8 17. Rad1 Qf7 18. Rfe1 Nh7 19. f3 Qg6 20. Kh1 Rf5 21.
g4 Rff8 22. Qg2 Bb8 23. f4 Nf6 24. h3 b6 25. Ne5 Bxe5 26. dxe5 Ne4 27. Nxe4
Qxe4 28. Qxe4 dxe4 29. Re2 Nb4 30. Rd4 Nd5 31. Rxe4 Rd8 32. Rf2 g6 33. Kg2 Rf7
34. Kg3 Rdf8 35. h4 Kh7 36. b3 h5 37. Bc1 b5 38. Rc2 Rc7 39. Rxc7+ Nxc7 40. Re2
Rd8 41. Rd2 Rxd2 42. Bxd2 Nd5 43. gxh5 gxh5 44. Kf3 Ne7 45. Ke4 Nf5 46. Be1 Kg7
47. Kd3 Kf7 48. Kc3 Ne3 49. Bg3 a5 50. a4 bxa4 51. bxa4 Ke7 52. Kd3 Nf5 53. Be1
Kd7 54. Ke4 Kc6 55. Bf2 Kb7 56. Kd3 Kc6 57. Kc4 Ne7 58. Kd4 Nf5+ 59. Kc4 Kb7
60. Be1 Kb6 61. Kd3 Ka6 62. Kc4 Kb6 63. Bf2+ Kc6 64. Be1 1/2-1/2

[Event "Cracovia 2008 op A"]
[Site "Krakow"]
[Date "2008.12.31"]
[Round "6.39"]
[White "Klim, Kamil"]
[Black "Warakomska, Anna"]
[Result "1-0"]
[WhiteElo "2249"]
[BlackElo "2169"]
[PlyCount "55"]
[EventDate "2008.??.??"]

1. d4 Nf6 2. c4 e6 3. Nc3 Bb4 4. e3 O-O 5. Nge2 d5 6. a3 Be7 7. cxd5 exd5 8.
Ng3 Re8 9. Bd3 c6 10. O-O Bf8 11. b4 a6 12. Na4 Be6 13. Bc2 Nbd7 14. Qd3 g6 15.
Bb2 Ne4 16. Nc5 Nd6 17. Rad1 a5 18. f3 axb4 19. axb4 Nc4 20. Bc1 b6 21. Nxe6
Rxe6 22. e4 Bxb4 23. f4 Re8 24. f5 Na3 25. fxg6 hxg6 26. exd5 c5 27. Rxf7 Nf8
28. Rxf8+ 1-0

[Event "Cracovia 2008 op A"]
[Site "Krakow"]
[Date "2008.12.31"]
[Round "6.40"]
[White "Moryc, Ignacy"]
[Black "Tokarski, Bartosz"]
[Result "0-1"]
[WhiteElo "2154"]
[BlackElo "2249"]
[PlyCount "71"]
[EventDate "2008.??.??"]

1. e4 c5 2. Nf3 d6 3. d4 cxd4 4. Qxd4 a6 5. Bc4 Nf6 6. Bg5 Nc6 7. Qd3 e6 8. O-O
Be7 9. Nc3 O-O 10. Rad1 Qc7 11. Bb3 Rd8 12. Nd4 h6 13. Bh4 Nxd4 14. Qxd4 b5 15.
a3 Bb7 16. Kh1 Bc6 17. f4 Qb7 18. Rfe1 a5 19. Rd3 b4 20. axb4 axb4 21. Nd1 Ra1
22. Rg3 Nh5 23. Rg4 Bxh4 24. Rxh4 Nf6 25. e5 Bxg2+ 26. Kg1 Bh1 27. Qd2 Ne4 28.
Qd4 Ng5 29. Bd5 Qxd5 30. Qxd5 exd5 31. fxg5 Bf3 32. Rd4 dxe5 33. Rd2 hxg5 34.
Kf2 Rxd1 35. Rexd1 Bxd1 36. Rxd1 0-1

[Event "Cracovia 2008 op A"]
[Site "Krakow"]
[Date "2008.12.31"]
[Round "6.41"]
[White "Shilov, Sergej"]
[Black "Tofil, Borys"]
[Result "1/2-1/2"]
[WhiteElo "2229"]
[BlackElo "2132"]
[PlyCount "73"]
[EventDate "2008.??.??"]

1. e4 g6 2. d4 Bg7 3. Nc3 d6 4. f4 a6 5. Nf3 b5 6. Bd3 Bb7 7. e5 e6 8. O-O Ne7
9. Be3 Nd7 10. Bf2 Nb6 11. Qe2 Qd7 12. Ng5 Nbd5 13. Nxd5 Nxd5 14. Qd2 Nb6 15.
b3 O-O 16. Rad1 dxe5 17. fxe5 Rad8 18. Qf4 h6 19. Ne4 Bxe4 20. Bxe4 Nd5 21. Qf3
b4 22. Bh4 g5 23. Be1 Qe7 24. h4 f5 25. exf6 Rxf6 26. Qe2 Rxf1+ 27. Kxf1 Rf8+
28. Kg1 Nf4 29. Qc4 a5 30. h5 Nxh5 31. d5 exd5 32. Bxd5+ Kh8 33. Bf2 Nf4 34.
Re1 Qf6 35. Bc5 Rd8 36. Bf3 Qf5 37. Be7 1/2-1/2